An outline of America economy

Uloženo v:
Podrobná bibliografie
Médium: Kniha
Jazyk:Undetermined
Vydáno: New York, USA United States Information Agency 1992
Témata:
Tagy: Přidat tag
Žádné tagy, Buďte první, kdo otaguje tento záznam!
Thư viện lưu trữ: Trung tâm Học liệu Trường Đại học Cần Thơ
LEADER 00447nam a2200157Ia 4500
001 CTU_34053
008 210402s9999 xx 000 0 und d
082 |a 330.973 
082 |b O.93 
245 3 |a An outline of America economy 
260 |a New York, USA 
260 |b United States Information Agency 
260 |c 1992 
650 |a america - economic aspects 
904 |i Minh, 991123 
980 |a Trung tâm Học liệu Trường Đại học Cần Thơ